El tratado de libre comercio : (Record no. 57329)

MARC details
000 -CABECERA
campo de control de longitud fija 00608nam a2200193 a 4500
005 - FECHA Y HORA DE LA ÚLTIMA TRANSACCIÓN
campo de control 20220909063549.0
008 - ELEMENTOS DE LONGITUD FIJA--INFORMACIÓN GENERAL
campo de control de longitud fija 991125s1991 mx 000 0 spa u
035 ## - NÚMERO DE CONTROL DEL SISTEMA
Número de control de sistema UPN01000057329
049 ## - COLECCIÓN
Colección F
050 #4 - SIGNATURA TOPOGRÁFICA DE LA BIBLIOTECA DEL CONGRESO
Número de clasificación HF1733 M6
Número de documento/Ítem S48
100 1# - ASIENTO PRINCIPAL--NOMBRE PERSONAL
Nombre de persona Serra Puche, Jaime
245 13 - MENCIÓN DE TÍTULO
Título El tratado de libre comercio :
Resto del título México, Canadá, Estados Unidos /
Mención de responsabilidad, etc. Jaime Serra Puche
260 ## - PUBLICACIÓN, DISTRIBUCIÓN, ETC.
Lugar de publicación, distribución, etc. México :
Nombre del editor, distribuidor, etc. SECOFI,
Fecha de publicación, distribución, etc. 1991
300 ## - DESCRIPCIÓN FÍSICA
Extensión 20 p.
630 04 - ASIENTO SECUNDARIO DE MATERIA - TÍTULO UNIFORME
Título uniforme Tratado de libre comercio entre México, Estados Unidos y Canadá
Fecha de la firma de un tratado (1994)
9 (RLIN) 2531
651 #4 - ASIENTO SECUNDARIO DE MATERIA - NOMBRE GEOGRAFICO
Nombre geográfico MEXICO-
Subdivisión general TRATADOS COMERCIALES
904 ## - ELEMENTOS DE DATOS D LOCAL, LDD (RLIN)
a AC
b 057332
905 ## - TIPO DE MATERIAL
Tipo de material Libro
Holdings
Estado de retiro Estado de pérdida Fuente del sistema de clasificación o colocación Estado dañado No para préstamo Código de colección Localización permanente Ubicación/localización actual Ubicación en estantería Fecha de adquisición Enumeración/cronología de publicación seriada Total de préstamos Clasificación Código de barras Fecha visto por última vez Número de copia Tipo de ítem Koha
    Library of Congress Classification   Disponible (Préstamo en sala) Folletería Bib. Gregorio Torres Quintero Bib. Gregorio Torres Quintero Colecciones especiales Planta alta 03/05/2023 - 9 HF1733 M6 S48 14504F 31/12/2020 1 Folleto